00959 2200253 4500001002100000005001500021035002000036008004100056020001800097041000800115082001200123084001800135100002300153245004500176260003100221300001400252500001900266520028200285650003800567650002800605700002000633990002600653990002600679INLIS00000000000373820221112020612 a0010-0520003738221112 | | eng  a0-495-05028-8 aeng a659.222 a659.222 HEN p0 aHendrix , Jerry A.1 aPublic Relation Cases /cJerry A.Hendrix aNew York :bThomson,c2007 av.449 hlm aIndeks : Index aIn preparing this edition, we continue to believe that readers should encounter a clear set of guiding public relations principles accompanied by cases that generally illustrate those principles in a positive light and thus serve as models of effective management and practice. 4aPublic Relations-US-Cases Studies 4aPublicity-Cases Studies0 aDarrell C.Hayes a07134/MKRI-P/XII-2007 a07134/MKRI-P/XII-2007